[Event "31. Münsterland Open"]
[Site "Senden"]
[Date "2013.10.31"]
[Round "6.4"]
[White "Lenaerts, Lennert"]
[Black "Pähtz, Thomas"]
[Result "0-1"]
[WhiteElo "2147"]
[BlackElo "2401"]
[PlyCount "80"]
[EventDate "2013.??.??"]

1. d4 e6 2. c4 b6 3. Nc3 Bb7 4. f3 f5 5. e3 Bd6 6. Qc2 Nc6 7. a3 Qh4+ 8. Qf2
Qxf2+ 9. Kxf2 Na5 10. b4 Nb3 11. Rb1 Nxc1 12. Rxc1 Be7 13. c5 Nf6 14. Bc4 O-O
15. Nge2 g5 16. Rhd1 Kh8 17. d5 bxc5 18. dxe6 cxb4 19. axb4 dxe6 20. Nb5 e5 21.
Nxc7 Rab8 22. Ne6 Rg8 23. Nc5 Rgf8 24. Ng3 f4 25. Nf5 Bxc5 26. bxc5 e4 27. Nd6
Bc6 28. Nf7+ Rxf7 29. Bxf7 Rb2+ 30. Ke1 Rxg2 31. fxe4 Nxe4 32. exf4 gxf4 33.
Rd8+ Kg7 34. Rg8+ Kxf7 35. Rxg2 f3 36. Ra2 a6 37. Rc4 Ke6 38. Rxa6 f2+ 39. Ke2
Kd5 40. Rxc6 Kxc4 0-1

[Event "31. Münsterland Open"]
[Site "Senden"]
[Date "2013.10.31"]
[Round "6.5"]
[White "Haselhorst, Helmut"]
[Black "Ackermann, Hans Werner"]
[Result "0-1"]
[WhiteElo "2107"]
[BlackElo "2308"]
[PlyCount "92"]
[EventDate "2013.??.??"]

1. d4 g6 2. e4 Bg7 3. Nf3 c5 4. dxc5 Qa5+ 5. Nfd2 Na6 6. c3 Qxc5 7. Be2 Qc6 8.
O-O Nc5 9. f3 h5 10. Nc4 h4 11. Ne3 Nf6 12. Na3 a6 13. Re1 b5 14. Nac2 Bb7 15.
Bf1 Qb6 16. Qe2 Na4 17. Qf2 Rc8 18. Nb4 e6 19. Nd1 Qxf2+ 20. Kxf2 d5 21. exd5
Nxd5 22. Nxd5 Bxd5 23. Bf4 Rh5 24. Bd3 Bf6 25. Be4 Bxe4 26. Rxe4 Nc5 27. Re3
Rd5 28. Bh6 Ke7 29. Re2 Nd3+ 30. Kf1 g5 31. Ne3 Re5 32. g3 hxg3 33. hxg3 Rh8
34. Ng4 Rxe2 35. Kxe2 Nxb2 36. Rc1 Rc8 37. Nf2 Rh8 38. Ng4 Na4 39. c4 Rc8 40.
Ne3 Nc3+ 41. Kd3 Nxa2 42. Re1 bxc4+ 43. Ke2 Nb4 44. Kf1 Rc5 45. f4 gxf4 46.
Bxf4 Nd3 0-1

[Event "31. Münsterland Open"]
[Site "Senden"]
[Date "2013.10.31"]
[Round "6.6"]
[White "Hedke, Fred"]
[Black "Rüberg, Jobst"]
[Result "0-1"]
[WhiteElo "2300"]
[BlackElo "2140"]
[PlyCount "108"]
[EventDate "2013.??.??"]

1. e4 c5 2. d4 cxd4 3. c3 d3 4. Bxd3 d6 5. Nf3 Nc6 6. h3 Nf6 7. Qe2 e6 8. O-O
Be7 9. Bf4 O-O 10. Nbd2 Nd7 11. Rad1 Qc7 12. Bb1 b6 13. Bg3 Bb7 14. Rfe1 Rfd8
15. Nb3 Nce5 16. Nfd4 Rac8 17. f4 Nc4 18. Kh2 a6 19. Nf3 Nf6 20. Kh1 b5 21.
Nbd4 d5 22. e5 Ne4 23. Kh2 Nxg3 24. Kxg3 g6 25. Kh2 b4 26. cxb4 Bxb4 27. Rf1
Bf8 28. Bd3 Qb6 29. b3 Na5 30. f5 exf5 31. Nxf5 Re8 32. Ng3 Bg7 33. Bb1 Nc6 34.
Kh1 Nxe5 35. Nxe5 Rxe5 36. Qf3 Rf8 37. Qg4 Bc8 38. Qa4 Re3 39. Qh4 Qc7 40. Rf3
Rxf3 41. gxf3 Qc3 42. Bd3 a5 43. Ne2 Qe5 44. Kg2 Bf5 45. Qf4 Qe6 46. Ng1 Bxd3
47. Rxd3 d4 48. Qd2 Qe5 49. Ne2 Rd8 50. a3 h5 51. h4 Bf6 52. Ng3 Bxh4 53. Ne2
Re8 54. Kh3 Bf2 0-1

[Event "31. Münsterland Open"]
[Site "Senden"]
[Date "2013.10.31"]
[Round "6.7"]
[White "Jungbluth, Michael"]
[Black "Seegers, Hendrik"]
[Result "0-1"]
[WhiteElo "2000"]
[BlackElo "2222"]
[PlyCount "44"]
[EventDate "2013.??.??"]

1. d4 Nf6 2. c4 e6 3. Nf3 d5 4. g3 Be7 5. Bg2 O-O 6. O-O Nbd7 7. Nc3 dxc4 8.
Nd2 Nb6 9. e3 c5 10. dxc5 Bxc5 11. Na4 Nxa4 12. Qxa4 Bd7 13. Qxc4 Rc8 14. Bxb7
Rc7 15. Bg2 Bxe3 16. Qd3 Bb6 17. Nb3 Qe8 18. Bf4 Bb5 19. Qb1 Bxf1 20. Bxc7 Bxg2
21. Bd6 Qc6 22. Bxf8 Bh3 0-1

[Event "31. Münsterland Open"]
[Site "Senden"]
[Date "2013.10.31"]
[Round "6.8"]
[White "Kammers, Heribert"]
[Black "Graf, Roland"]
[Result "0-1"]
[WhiteElo "2168"]
[BlackElo "2145"]
[PlyCount "82"]
[EventDate "2013.??.??"]

1. d4 Nf6 2. Bg5 e6 3. e3 c5 4. Nf3 Be7 5. Nbd2 h6 6. Bxf6 Bxf6 7. Ne4 cxd4 8.
Nxf6+ Qxf6 9. exd4 O-O 10. Be2 b6 11. O-O Bb7 12. Ne5 d6 13. Bf3 Bxf3 14. Qxf3
Qxf3 15. Nxf3 Nd7 16. Nd2 Rac8 17. c3 Nf6 18. Rfe1 Rc7 19. Ne4 Nxe4 20. Rxe4
Rc4 21. Re3 Rfc8 22. f4 g6 23. d5 exd5 24. Re7 d4 25. Rxa7 dxc3 26. bxc3 Rxf4
27. Rc1 b5 28. a3 Ra4 29. Rxa4 bxa4 30. Kf2 Rb8 31. Ke3 Rb3 32. Kd4 Rxa3 33.
Kd5 Ra2 34. Kxd6 a3 35. c4 Rd2+ 36. Ke5 a2 37. Ra1 Kf8 38. Kf6 Rxg2 39. c5 Rf2+
40. Ke5 Ke7 41. c6 Rxh2 0-1

[Event "31. Münsterland Open"]
[Site "Senden"]
[Date "2013.10.31"]
[Round "6.9"]
[White "Ljuboschiz, Alexander"]
[Black "Peterwitz, Klaus"]
[Result "1/2-1/2"]
[WhiteElo "2161"]
[BlackElo "2112"]
[PlyCount "79"]
[EventDate "2013.??.??"]

1. e4 d5 2. exd5 Qxd5 3. Nc3 Qa5 4. d4 c6 5. Bd2 Nf6 6. h3 Bf5 7. g4 Be6 8. Bg2
Qb6 9. Nge2 Bc4 10. b3 Bxe2 11. Nxe2 e6 12. O-O Be7 13. c4 h6 14. Be3 Qd8 15.
Nc3 O-O 16. Qd3 Na6 17. Rad1 Qc7 18. Qe2 Qa5 19. Ne4 Nc7 20. Nxf6+ Bxf6 21. Be4
Rfd8 22. f4 Qc3 23. Rd3 Qb4 24. g5 Be7 25. gxh6 g6 26. Kh1 Kh7 27. Rg1 Rg8 28.
Rdd1 Ne8 29. Bc2 Qa5 30. d5 cxd5 31. cxd5 exd5 32. f5 Qa6 33. fxg6+ fxg6 34.
Bd3 Qe6 35. Qf3 Nd6 36. Rde1 Raf8 37. Qg4 Qxg4 38. hxg4 Bh4 39. Re2 Rf3 40. Bc5
1/2-1/2

[Event "31. Münsterland Open"]
[Site "Senden"]
[Date "2013.10.31"]
[Round "6.10"]
[White "Steinle, Carsten"]
[Black "Kupfer, Michael"]
[Result "1/2-1/2"]
[WhiteElo "2188"]
[BlackElo "2034"]
[PlyCount "77"]
[EventDate "2013.??.??"]

1. d4 Nf6 2. Bf4 c5 3. e3 Qb6 4. Nc3 Qxb2 5. Nge2 a6 6. Na4 Qb5 7. c3 d6 8. Rb1
Qc6 9. dxc5 e5 10. Bg3 Nbd7 11. Nb6 Nxb6 12. cxb6 Be6 13. Qc2 Rc8 14. f3 Be7
15. Qb2 O-O 16. h4 Qa4 17. Ra1 Rc6 18. Bf2 Rfc8 19. g4 Nd5 20. Bg2 Nxc3 21. O-O
Nxe2+ 22. Qxe2 Bc4 23. Qd1 Qxd1 24. Rfxd1 Rxb6 25. f4 Be2 26. Rdb1 Rxb1+ 27.
Rxb1 b5 28. Bb7 Rb8 29. Bxa6 Rb6 30. Bc8 e4 31. g5 d5 32. Bd7 Ba3 33. Be1 Bd3
34. Rd1 Kf8 35. Bc3 Ke7 36. Bd4 Rd6 37. Bh3 g6 38. f5 Rc6 39. Bf6+ 1/2-1/2

[Event "31. Münsterland Open"]
[Site "Senden"]
[Date "2013.11.01"]
[Round "7.1"]
[White "Molinaroli, Martin"]
[Black "Sazanov, Nikolay E"]
[Result "1/2-1/2"]
[WhiteElo "2289"]
[BlackElo "2254"]
[PlyCount "136"]
[EventDate "2013.??.??"]

1. e4 e6 2. d4 d5 3. Nc3 dxe4 4. Nxe4 Be7 5. Nf3 Nf6 6. Bd3 Nc6 7. O-O b6 8.
Bb5 Bd7 9. Nxf6+ Bxf6 {[%emt 0:00:01]} 10. c3 {[%emt 0:00:01]} Ne7 11. Bxd7+
Qxd7 {[%emt 0:00:01]} 12. Bg5 Bxg5 13. Nxg5 O-O 14. Qc2 Ng6 15. Rfe1 Rfe8 16.
Nf3 Rad8 17. Rad1 Qd5 18. c4 Qa5 19. b3 c6 20. Re3 Qb4 21. g3 h6 22. Kg2 Qd6
23. Qe2 Ne7 24. Re5 Ng6 25. Re4 f5 26. Re3 e5 27. d5 c5 28. Nd2 Rf8 29. f4 e4
30. Nf1 Rf6 31. Kh1 Ne7 32. Nd2 Kh7 33. Rf1 Ng6 34. Re1 Rdf8 35. Qh5 Qc7 36.
Qh3 R8f7 37. Nf1 Ne7 38. R3e2 Nc8 39. Ne3 Nd6 40. Rf1 Qc8 41. Ree1 Qa6 42. Qg2
Qa5 43. Qb2 Qa6 44. Re2 Qb7 45. Rg2 Qc7 46. Rfg1 Qd7 47. g4 Qc7 48. g5 hxg5 49.
fxg5 Rg6 50. Qe2 f4 51. Qh5+ Kg8 52. Qxg6 (52. Ng4 $1 $18) 52... fxe3 53. Qh5
Nf5 54. g6 Rf6 55. Qh7+ (55. Rg5 Qf4 56. d6 $1 $18) 55... Kf8 56. Rd1 Qf4 57.
Qh8+ Ke7 58. Qc8 e2 59. Qb7+ Kd8 60. Qa8+ Kd7 61. Qxa7+ Kd8 62. Qa8+ Kd7 63.
Qb7+ Kd8 64. Rdg1 Qf3 65. Qb8+ Kd7 66. Qb7+ Kd8 67. Qb8+ Kd7 68. Qb7+ Kd8
1/2-1/2

[Event "31. Münsterland Open"]
[Site "Senden"]
[Date "2013.11.01"]
[Round "7.2"]
[White "Ackermann, Hans Werner"]
[Black "Böhm, Jürgen"]
[Result "1-0"]
[WhiteElo "2308"]
[BlackElo "2158"]
[PlyCount "115"]
[EventDate "2013.??.??"]

1. Nf3 d5 2. b3 Bg4 3. Bb2 Bxf3 4. exf3 e6 5. d4 Nf6 6. Qd3 c6 7. Nd2 Nbd7 8.
g3 g6 9. f4 Bg7 10. Bg2 Nb6 11. Ba3 Nc8 12. O-O Nd6 13. c4 O-O 14. Rfd1 Re8 15.
Bxd6 Qxd6 16. c5 Qc7 17. b4 Nd7 18. Nb3 b6 19. Rac1 Rec8 20. Rc2 bxc5 21. dxc5
Rab8 22. a3 e5 23. fxe5 Nxe5 24. Qa6 Qb7 25. Qxb7 Rxb7 26. Bf1 Rcb8 27. Kg2 Kf8
28. h3 Bf6 29. Na5 Rc7 30. Rb1 Nd7 31. Bd3 Ne5 32. Be2 Nd7 33. Rb3 h5 34. Bd1
Kg7 35. Re3 Nf8 36. Rce2 Ne6 37. Ba4 Nd4 38. Re1 Kf8 39. f4 Nb5 40. Bxb5 Rxb5
41. Re8+ Kg7 42. R1e2 Bd4 43. Nb3 Bc3 44. Rc2 Bf6 45. Na5 Be7 46. Kf3 Kf6 47.
Nb3 Kg7 48. g4 hxg4+ 49. hxg4 Bf8 50. Ra8 Rbb7 51. Na5 Rb5 52. Nb3 Rbb7 53. Nd4
g5 54. Nf5+ Kg8 55. fxg5 a5 56. Rh2 f6 57. g6 Rg7 58. Nh6+ 1-0

[Event "31. Münsterland Open"]
[Site "Senden"]
[Date "2013.11.01"]
[Round "7.3"]
[White "Seegers, Hendrik"]
[Black "Graf, Roland"]
[Result "1/2-1/2"]
[WhiteElo "2222"]
[BlackElo "2145"]
[PlyCount "173"]
[EventDate "2013.??.??"]

1. d4 {[%emt 0:00:00]} Nf6 2. Nf3 g6 3. c4 Bg7 {[%emt 0:00:02]} 4. g3 O-O 5.
Bg2 d5 {[%emt 0:00:01]} 6. cxd5 {[%emt 0:00:09]} Nxd5 {[%emt 0:00:03]} 7. O-O {
[%emt 0:00:03]} Nc6 8. Nc3 {[%emt 0:00:01]} Nb6 {[%emt 0:00:04]} 9. d5 {[%emt
0:00:02]} Na5 {[%emt 0:00:01]} 10. e4 c6 11. dxc6 Qxd1 12. Rxd1 {[%emt 0:00:01]
} Nxc6 {[%emt 0:00:02]} 13. Rb1 Be6 14. Ng5 Bc4 15. b3 Bxc3 16. bxc4 {[%emt 0:
00:02]} Rfd8 17. Bf4 e5 18. c5 exf4 19. Rxd8+ Nxd8 20. cxb6 fxg3 21. hxg3 axb6
22. Rd1 Bf6 23. Nf3 Rxa2 24. e5 Be7 25. Rd7 Kf8 26. Bf1 Ke8 27. Bb5 Rb2 28.
Rd5+ Nc6 29. Nd4 Bc5 30. Nxc6 bxc6 31. Bxc6+ Ke7 32. Rd7+ Ke6 {[%emt 0:00:01]}
33. Rb7 Rxf2 34. Be8 Kxe5 35. Rc7 Rf6+ 36. Kg2 Ke6 37. g4 Rf2+ 38. Kh1 h5 39.
gxh5 gxh5 40. Rb7 h4 41. Bd7+ Ke5 42. Be8 f5 43. Rh7 Kf4 44. Bd7 Kg5 45. Rg7+
Kf6 46. Rh7 Rf4 47. Kg2 Ke5 48. Rh6 Rd4 49. Be8 Rd2+ 50. Kh1 Bf2 51. Rh5 Rd8
52. Ba4 Bg3 53. Bc2 Rf8 54. Bd3 Rf6 55. Kg2 Ke6 56. Kf3 f4 57. Be4 Kd6 58. Rd5+
Kc7 59. Rh5 Rd6 60. Rh7+ Kd8 61. Kg4 b5 62. Rb7 Rd4 63. Bc6 b4 64. Bg2 Kc8 65.
Bf3 Bf2 66. Rf7 Bg3 (66... b3 $1 67. Rb7 (67. Rf8+ Kc7 68. Rf7+ Kd6 69. Rb7 Rd3
70. Kxf4 h3 71. Ke4 Re3+ 72. Kf4 h2 73. Bg2 Kc5 $17) 67... Rd3 68. Be4 h3 69.
Kxf4 Bg3+ 70. Kf5 h2 71. Rh7 Re3 $19) 67. Rb7 Rc4 68. Kh3 Rc3 69. Bd5 Rd3 70.
Be4 Re3 71. Bd5 Rd3 (71... Be1+ $1 72. Kh2 f3 73. Rf7 Bg3+ 74. Kh3 f2 75. Kg2
b3 $19) 72. Be4 Rb3 73. Bd5 Rb2 74. Kg4 Rd2 75. Bc6 Rd4 76. Bf3 Be1 77. Bc6 Rd6
78. Be4 Rf6 79. Kf3 h3 80. Rh7 b3 81. Rxh3 b2 82. Rh8+ Kc7 83. Rh7+ Kd6 84. Rb7
Bc3 85. Rb6+ Ke7 86. Rxf6 Kxf6 87. Kxf4 1/2-1/2

[Event "31. Münsterland Open"]
[Site "Senden"]
[Date "2013.11.01"]
[Round "7.4"]
[White "Müller, Martin"]
[Black "Lenaerts, Lennert"]
[Result "1-0"]
[WhiteElo "2100"]
[BlackElo "2147"]
[PlyCount "203"]
[EventDate "2013.??.??"]

1. e4 e5 2. Nf3 Nc6 3. d4 exd4 4. Bc4 Bc5 5. O-O d6 6. b4 {[%emt 0:00:00]} Bb6
{[%emt 0:00:00]} 7. c3 {[%emt 0:00:10]} Bg4 8. Qb3 Qd7 9. Nbd2 Ne5 10. Nxd4
Nxc4 11. Nxc4 Ne7 12. e5 Bxd4 13. cxd4 Be6 14. Qd3 dxe5 15. Nxe5 Qd5 16. Be3
O-O 17. Qc3 c6 18. Nd3 Qc4 19. Rfc1 Qxc3 20. Rxc3 Nd5 21. Ra3 Bf5 22. Bd2 Bxd3
23. Rxd3 Rfe8 24. Kf1 Rad8 25. Re1 Rxe1+ 26. Kxe1 f5 27. a4 Re8+ 28. Kd1 Nb6
29. Ra3 Rd8 30. Bc3 Nc4 31. Ra2 a6 32. Ke2 Kf7 33. b5 cxb5 34. axb5 axb5 35.
Ra7 Rd7 36. Ra8 b4 37. Bxb4 Rxd4 38. Bc3 Rd7 39. Bb4 Nb6 40. Rf8+ Ke6 41. Bc5
Nd5 42. Re8+ Kf7 43. Rb8 Nf4+ 44. Kf3 Nd3 45. Bb6 Kg6 46. Re8 Kf7 47. Rb8 Ke6
48. h4 g6 49. h5 gxh5 50. Rg8 Ne5+ 51. Kf4 Nc4 52. Bc5 Rd5 53. Ba7 b6 54. Rb8
Rb5 55. g3 Kf6 56. Rf8+ Kg6 57. Rg8+ Kh6 58. Bb8 Rd5 59. Kf3 Ne5+ 60. Bxe5 Rxe5
61. Kf4 Rd5 62. Rb8 Rb5 63. Rg8 Rb2 64. f3 Rb5 65. Rc8 Rc5 66. Rb8 Rb5 67. Rg8
Rb3 68. Rc8 h4 69. gxh4 Kh5 70. Rc7 h6 71. Rc6 b5 72. Rb6 b4 73. Rb5 Kxh4 74.
Rxf5 Rb1 75. Rb5 b3 76. Kf5 h5 77. f4 Kg3 78. Kg5 h4 79. f5 h3 80. f6 h2 81. f7
h1=Q 82. f8=Q Qc1+ (82... Qh4+ 83. Kg6 Qe4+ 84. Qf5 Qxf5+ 85. Kxf5 b2 $19) 83.
Kh5 $2 Qd1+ 84. Kh6 Qd2+ $4 (84... Qh1+ $11) 85. Rg5+ Kh2 86. Qb8+ Kh1 87. Qb7+
Kh2 88. Qc7+ Kh1 89. Qc6+ Kh2 90. Qg6 Qxg5+ 91. Qxg5 Rf1 92. Qd2+ Kg3 93. Kg5
Rf3 94. Qb2 Rd3 95. Kf5 Kf3 96. Ke5 Ke3 97. Qh2 Rc3 98. Kd5 Kd3 99. Qb2 Rc4
100. Qxb3+ Rc3 101. Qd1+ Ke3 102. Qd4+ 1-0

[Event "31. Münsterland Open"]
[Site "Senden"]
[Date "2013.11.01"]
[Round "7.5"]
[White "Rüberg, Jobst"]
[Black "Meertens, Martin"]
[Result "1-0"]
[WhiteElo "2140"]
[BlackElo "2174"]
[PlyCount "71"]
[EventDate "2013.??.??"]

1. e4 e5 2. Nf3 Nc6 3. Bc4 Nf6 4. d4 exd4 5. e5 d5 6. Bb5 Ne4 7. Nxd4 Bd7 8.
Bxc6 bxc6 9. Be3 Bc5 10. Nd2 Nxd2 11. Qxd2 Qe7 12. Nb3 Bb6 13. O-O O-O 14. Qc3
Rfe8 15. f4 f6 16. Bc5 Qf7 17. Rae1 Rac8 18. a4 Qg6 19. e6 Bxe6 20. Rxe6 Rxe6
21. f5 Qg4 22. fxe6 Qxe6 23. Re1 Qd6 24. a5 Bxc5+ 25. Qxc5 Qxc5+ 26. Nxc5 Kf7
27. Re6 Rb8 28. b3 Rb5 29. Rxc6 Rxa5 30. Rxc7+ Kg6 31. Na4 f5 32. Kf2 Kf6 33.
Ke3 h6 34. h4 g5 35. Rc6+ Ke5 36. Rxh6 1-0

[Event "31. Münsterland Open"]
[Site "Senden"]
[Date "2013.11.01"]
[Round "7.6"]
[White "Beutelhoff, Josef"]
[Black "Ljuboschiz, Alexander"]
[Result "1/2-1/2"]
[WhiteElo "2085"]
[BlackElo "2161"]
[PlyCount "61"]
[EventDate "2013.??.??"]

1. d4 Nf6 2. c4 g6 3. Nc3 Bg7 4. e4 d6 5. f3 O-O 6. Be3 Nbd7 7. Nge2 c5 8. Qd2
a6 9. a4 cxd4 10. Nxd4 Nc5 11. Ra3 Bd7 12. b4 Ne6 13. Nb3 b6 14. Nd5 Rb8 15. a5
bxa5 16. Rxa5 Nxd5 17. exd5 Nc7 18. Be2 e6 19. dxe6 Bxe6 20. O-O Re8 21. Re1
Bc8 22. Bd4 Ne6 23. Bxg7 Nxg7 24. c5 Be6 25. Bd1 dxc5 26. Qxd8 Rexd8 27. Nxc5
Rxb4 28. Be2 Rb2 29. Bxa6 Ra8 30. Raa1 Rd8 31. Red1 1/2-1/2

[Event "31. Münsterland Open"]
[Site "Senden"]
[Date "2013.11.01"]
[Round "7.7"]
[White "Langhanke, Günther"]
[Black "Kupfer, Michael"]
[Result "1/2-1/2"]
[WhiteElo "2160"]
[BlackElo "2034"]
[PlyCount "65"]
[EventDate "2013.??.??"]

1. e4 Nf6 2. Nc3 e5 3. g3 d5 4. exd5 Nxd5 5. Bg2 Nxc3 6. bxc3 Bd6 7. Nf3 O-O 8.
O-O Re8 9. d3 Nd7 10. Rb1 Nf8 11. Nd2 Rb8 12. Nc4 c6 13. Be3 Bc7 14. Bxa7 Ra8
15. Be3 Rxa2 16. Rb4 Ra6 17. Qb1 b5 18. Nd2 Bd6 19. Rb2 Be6 20. c4 bxc4 21.
Nxc4 Bd5 22. Nxd6 Qxd6 23. Rb6 Rxb6 24. Qxb6 Bxg2 25. Kxg2 Nd7 26. Qb3 h5 27.
Qc4 Rb8 28. Ra1 Nf6 29. f3 Nd5 30. Bc5 Qh6 31. Bf2 Qd2 32. Qxc6 Ne3+ 33. Kg1
1/2-1/2

[Event "31. Münsterland Open"]
[Site "Senden"]
[Date "2013.11.01"]
[Round "7.8"]
[White "Peterwitz, Klaus"]
[Black "Hanewinkel, Martin"]
[Result "1/2-1/2"]
[WhiteElo "2112"]
[BlackElo "1878"]
[PlyCount "122"]
[EventDate "2013.??.??"]

1. Nf3 c5 2. g3 e6 3. Bg2 d5 4. O-O Nf6 5. d4 Nc6 6. c4 dxc4 7. Qa4 Bd7 8. dxc5
Bxc5 9. Qxc4 Qb6 10. Nc3 Na5 11. Qf4 O-O 12. Na4 Bxa4 13. Qxa4 Rfd8 14. Bg5
Rac8 15. Rab1 Qb4 16. Qxb4 Bxb4 17. Rbc1 Be7 18. Rxc8 Rxc8 19. Rc1 Rxc1+ 20.
Bxc1 Nc4 21. Nd4 e5 22. Nf5 Bc5 23. Bxb7 Ng4 24. e3 g6 25. Nh4 Bb4 26. h3 Nf6
27. a3 Bd2 28. Bxd2 Nxd2 29. b4 Kf8 30. Nf3 Nxf3+ 31. Bxf3 Ke7 32. Be2 Nd7 33.
Kf1 Kd6 34. Bc4 f6 35. Ke2 e4 36. Bg8 h6 37. f3 exf3+ 38. Kxf3 Ke5 39. Bb3 Nb6
40. Ke2 g5 41. g4 f5 42. gxf5 Kxf5 43. Kf3 Nd7 44. Bc2+ Ke5 45. a4 Nf6 46. b5
Kd5 47. e4+ Kc5 48. e5 Nd5 49. e6 h5 50. Bg6 g4+ 51. hxg4 hxg4+ 52. Kxg4 Kd6
53. Kg5 Ne7 54. Kf6 Nxg6 55. a5 Ne7 56. Kf7 Nd5 57. b6 axb6 58. axb6 Kc6 59.
Ke8 Nxb6 60. e7 Nd5 61. Kf8 Nxe7 1/2-1/2

[Event "31. Münsterland Open"]
[Site "Senden"]
[Date "2013.11.01"]
[Round "7.9"]
[White "Bub, Volker"]
[Black "Santos Brito, Daniel"]
[Result "1/2-1/2"]
[WhiteElo "2103"]
[BlackElo "1904"]
[PlyCount "105"]
[EventDate "2013.??.??"]

1. Nf3 g6 2. g3 Bg7 3. Bg2 d5 4. d3 e5 5. O-O f5 6. e4 dxe4 7. dxe4 Qxd1 8.
Rxd1 fxe4 9. Ng5 Nf6 10. Nc3 O-O 11. Bf1 Bh6 12. Bc4+ Kg7 13. h4 Bg4 14. Be3
Bxg5 15. hxg5 Nfd7 16. Rd2 Nb6 17. Bb3 Bf3 18. a4 c6 19. Bc5 Re8 20. Re1 N6d7
21. Bd6 Na6 22. Nxe4 Bxe4 23. Rxe4 Nac5 24. Re3 Nxb3 25. Rxb3 b6 26. Re3 Re6
27. Bb4 Nf8 28. Bc3 Rae8 29. f4 R8e7 30. Rxe5 Kf7 31. Rd8 Nd7 32. Rxe6 Kxe6 33.
Kf2 Nc5 34. Rd4 Rd7 35. Rc4 Rd1 36. Ke2 Rg1 37. Be1 Kd5 38. b3 Ne4 39. c3 c5
40. Rxe4 Kxe4 41. a5 Rxe1+ 42. Kxe1 Kf3 43. axb6 axb6 44. Kd2 Ke4 45. Ke2 b5
46. Kd2 (46. Kf2 b4 (46... Kd3 47. g4 Kxc3 48. f5 c4 49. bxc4 b4 50. c5 b3 51.
c6 b2 52. c7 b1=Q 53. c8=Q+ Kd4 54. Qd7+ Ke4 55. Qa4+ Ke5 56. f6 $16) 47. c4
Kd3 48. g4 Kc3 49. f5 Kxb3 50. f6 Kc2 51. f7 b3 52. f8=Q b2 53. Qxc5 b1=Q 54.
Qe3 Qh1 55. Kg3 $16) 46... Kf3 47. Kd3 Kxg3 48. Ke3 Kg4 49. Ke4 c4 50. b4 Kg3
51. Ke3 Kg4 52. Ke4 Kg3 53. Ke3 1/2-1/2

[Event "31. Münsterland Open"]
[Site "Senden"]
[Date "2013.11.01"]
[Round "7.10"]
[White "Kubo, Thomas"]
[Black "Hedke, Fred"]
[Result "1/2-1/2"]
[WhiteElo "2038"]
[BlackElo "2300"]
[PlyCount "65"]
[EventDate "2013.??.??"]

1. Nf3 Nf6 2. g3 e6 3. Bg2 Be7 4. c4 O-O 5. b3 d5 6. Bb2 b6 7. O-O Bb7 8. cxd5
exd5 9. d4 Nbd7 10. Nc3 a6 11. Rc1 Bd6 12. Qc2 Re8 13. Rfd1 Qe7 14. Ne5 Nxe5
15. dxe5 Bxe5 16. Nxd5 Nxd5 17. Bxd5 Bxd5 18. Rxd5 Bxb2 19. Qxb2 c5 20. e3 Qe4
21. Qd2 h6 22. Rc4 Qb1+ 23. Kg2 Qg6 24. Rf4 Qc6 25. Kg1 Re6 26. Rd7 Rf8 27. Rf5
a5 28. Rfd5 Qb5 29. Qc3 Qe2 30. Rd2 Qe1+ 31. Kg2 Rf6 32. Qd3 Re8 33. a4 1/2-1/2

[Event "31. Münsterland Open"]
[Site "Senden"]
[Date "2013.11.02"]
[Round "8.1"]
[White "Sazanov, Nikolay E"]
[Black "Ackermann, Hans Werner"]
[Result "1/2-1/2"]
[WhiteElo "2254"]
[BlackElo "2308"]
[PlyCount "141"]
[EventDate "2013.??.??"]

1. d4 g6 2. e3 Bg7 3. f4 c5 4. Nf3 Nf6 5. c3 O-O 6. Bc4 Qc7 7. Bb3 d6 8. O-O
Bf5 9. Nbd2 Nc6 10. Qe2 Na5 11. Bd1 cxd4 12. exd4 a6 13. Nh4 Bg4 14. Ndf3 Rae8
15. h3 Bd7 16. Bc2 Bb5 17. Bd3 Bxd3 18. Qxd3 e6 19. b3 b5 20. Bd2 Rc8 21. Rac1
d5 22. Ne5 Ne4 23. Nhf3 Nc6 24. Be1 f6 25. Nxc6 Qxc6 26. Kh2 Rf7 27. Ng1 Rfc7
28. Ne2 Qb7 29. g3 a5 30. h4 Bf8 31. Rf3 a4 32. g4 f5 33. g5 axb3 34. axb3 Ra8
35. h5 Ra2 36. Kh3 Rc8 37. Rb1 Rca8 38. Nc1 R2a3 39. Qe2 Bd6 40. Nd3 Ra2 41.
Rb2 Ra1 42. Kg2 Qc6 43. Rh3 Qe8 44. Kf3 Bf8 45. Kg2 R8a7 46. Re3 Bd6 47. Rh3
Bf8 48. Re3 Bg7 49. Nc5 Kf7 50. b4 Qb8 51. Kf3 Bf8 52. Nb3 R7a3 53. Qh2 Nxg5+
54. fxg5 Qxh2 55. Rxh2 Rxb3 56. hxg6+ hxg6 57. Rhe2 Ra6 58. Bg3 Rc6 59. Be1 Be7
60. Kf4 Ra3 61. Rh3 Bd6+ 62. Kf3 Bf8 63. Rh8 Bg7 64. Rb8 Bxd4 65. Rb7+ Kf8 66.
Rh2 Bxc3 67. Bxc3 Rcxc3+ 68. Kf4 Rh3 69. Rxh3 Rxh3 70. Ke5 f4 71. Kd6 1/2-1/2

[Event "31. Münsterland Open"]
[Site "Senden"]
[Date "2013.11.02"]
[Round "8.2"]
[White "Rüberg, Jobst"]
[Black "Müller, Martin"]
[Result "1/2-1/2"]
[WhiteElo "2140"]
[BlackElo "2100"]
[PlyCount "55"]
[EventDate "2013.??.??"]

1. e4 e6 2. d4 d5 3. Nd2 Nf6 4. Bd3 c5 5. c3 cxd4 6. cxd4 Nc6 7. Ngf3 dxe4 8.
Nxe4 Bb4+ 9. Nc3 Qa5 10. Qc2 e5 11. O-O exd4 12. Nb5 O-O 13. Bg5 Be7 14. Rfe1
Be6 15. a3 Rfd8 16. Bf4 Nd5 17. Bg5 a6 18. Bxe7 Ndxe7 19. Bxh7+ Kh8 20. Qe4
Qxb5 21. Qh4 Rd5 22. Bd3+ Rh5 23. Bxb5 Rxh4 24. Bxc6 Rh6 25. Bxb7 Rb8 26. Be4
Rxb2 27. Nxd4 Rd2 28. Nf3 1/2-1/2

[Event "31. Münsterland Open"]
[Site "Senden"]
[Date "2013.11.02"]
[Round "8.3"]
[White "Graf, Roland"]
[Black "Molinaroli, Martin"]
[Result "1-0"]
[WhiteElo "2145"]
[BlackElo "2289"]
[PlyCount "65"]
[EventDate "2013.??.??"]

1. e4 g6 2. d4 Bg7 3. Nc3 c5 4. Nge2 cxd4 5. Nxd4 Nc6 6. Be3 Qa5 7. Qd2 Nf6 8.
f3 d6 9. Nb3 Qc7 10. O-O-O h5 11. Kb1 a6 12. f4 Bg4 13. Re1 b5 14. h3 Be6 15.
Bd3 Bc4 16. Bxc4 bxc4 17. Nd4 Rb8 18. f5 Qb7 19. b3 cxb3 20. axb3 Ne5 21. fxg6
Nc4 22. gxf7+ Kxf7 23. Qd3 Nxe3 24. Rxe3 Rhc8 25. Nf5 Bh8 26. Nd5 Ne8 27. Nfxe7
Rc5 28. e5 Rxd5 29. Nxd5 Bxe5 30. Qh7+ Ng7 31. Rf1+ Ke6 32. Nf4+ Kd7 33. Rxe5
1-0

[Event "31. Münsterland Open"]
[Site "Senden"]
[Date "2013.11.02"]
[Round "8.4"]
[White "Böhm, Jürgen"]
[Black "Seegers, Hendrik"]
[Result "1/2-1/2"]
[WhiteElo "2158"]
[BlackElo "2222"]
[PlyCount "82"]
[EventDate "2013.??.??"]

1. d4 Nf6 2. Bg5 Ne4 3. Bf4 d5 4. e3 e6 5. Bd3 f5 6. Nf3 Nd7 7. c4 Bd6 8. Nc3
Qe7 9. Qc2 c6 10. O-O-O O-O 11. Bxd6 Qxd6 12. h3 b6 13. cxd5 cxd5 14. g4 Bb7
15. Kb1 Rac8 16. gxf5 exf5 17. Rc1 Kh8 18. Rhg1 a6 19. Qe2 b5 20. Nh4 g6 21. f3
Nxc3+ 22. bxc3 b4 23. cxb4 Qxb4+ 24. Qb2 Qd6 25. Rxc8 Rxc8 26. Ka1 Rb8 27. Qd2
Bc6 28. f4 Bb5 29. Rb1 Nf6 30. Nf3 Rc8 31. Ne5 Kg7 32. Bxb5 axb5 33. Rxb5 Ne4
34. Rb7+ Rc7 35. Qb4 Qxb4 36. Rxb4 Rc3 37. Rb3 Rc2 38. Rb2 Rc1+ 39. Rb1 Rc2 40.
Rb2 Rc1+ 41. Rb1 Rc2 1/2-1/2

[Event "31. Münsterland Open"]
[Site "Senden"]
[Date "2013.11.02"]
[Round "8.5"]
[White "Pähtz, Thomas"]
[Black "Beutelhoff, Josef"]
[Result "1-0"]
[WhiteElo "2401"]
[BlackElo "2085"]
[PlyCount "77"]
[EventDate "2013.??.??"]

1. e4 e6 2. d4 d5 3. e5 c5 4. c3 Nc6 5. Nf3 Qb6 6. a3 f6 7. Bd3 fxe5 8. dxe5 g6
9. O-O c4 10. Bc2 Bg7 11. Re1 Nh6 12. b4 cxb3 13. Bxb3 O-O 14. Be3 Qa5 15. h3
Nf5 16. Bg5 Qc5 17. Ba2 h6 18. Bc1 Nh4 19. Be3 Nxf3+ 20. gxf3 Qe7 21. f4 h5 22.
Qd3 g5 23. Nd2 gxf4 24. Bd4 Qg5+ 25. Kh1 f3 26. Nxf3 Qf4 27. Re3 Ne7 28. Rg1
Nf5 29. Ng5 Kh8 30. Rf3 Qh4 31. Bb1 Bh6 32. Be3 Qa4 33. Nxe6 Bxe6 34. Bxh6 Rf7
35. Bg5 Raf8 36. Bf6+ Rxf6 37. exf6 Rxf6 38. Qd2 Qe8 39. Rxf5 1-0

[Event "31. Münsterland Open"]
[Site "Senden"]
[Date "2013.11.02"]
[Round "8.6"]
[White "Steinle, Carsten"]
[Black "Meyer, Ulrich"]
[Result "1-0"]
[WhiteElo "2188"]
[BlackElo "2083"]
[PlyCount "47"]
[EventDate "2013.??.??"]

1. Nf3 c5 2. b3 d6 3. Bb2 e5 4. e3 Bg4 5. h3 Bh5 6. Nc3 Nc6 7. Be2 Be7 8. Nxe5
Bxe2 9. Nxc6 Bxd1 10. Nxd8 Bxc2 11. Nxb7 Nf6 12. Na5 Rc8 13. Nc4 O-O 14. O-O d5
15. Ne5 c4 16. bxc4 dxc4 17. Rfc1 Bf5 18. Ne2 Nd7 19. Nd4 Nxe5 20. Nxf5 Bf6 21.
Bxe5 Bxe5 22. Ne7+ Kh8 23. Nxc8 Bxa1 24. Rxc4 1-0